[Event "TCh-ITA 2012"]
[Site "Arvier ITA"]
[Date "2012.04.29"]
[Round "4"]
[White "Horvath, Csaba"]
[Black "Castaldo, Folco"]
[Result "1-0"]
[WhiteTitle "GM"]
[BlackTitle "IM"]
[WhiteElo "2509"]
[BlackElo "2417"]
[WhiteTeam "L'Arrocco A di Roma"]
[BlackTeam "SS Eporediese Ivrea"]
[WhiteFideId "700118"]
[BlackFideId "806560"]
[EventDate "2012.04.27"]

1. d4 f5 2. g3 Nf6 3. Bg2 e6 4. c4 Be7 5. Nf3 O-O 6. O-O d6 7. b3 Ne4 8. Nbd2
Nc6 9. Bb2 Bf6 10. Ne1 d5 11. e3 Bd7 12. Nd3 Be8 13. Rc1 Qe7 14. Nb1 a5 15. Ba3
Nb4 16. f3 Nd6 17. Nxb4 axb4 18. Bxb4 dxc4 19. bxc4 e5 20. c5 Nf7 21. d5 Rxa2
22. Nc3 Ra8 23. d6 Qd8 24. Nd5 cxd6 25. cxd6 Ba4 26. Qd3 Bc6 27. Rfd1 Bxd5 28.
Qxd5 Qb6 29. Bc5 Qb2 30. Rb1 Qc2 31. Rdc1 Qa2 32. Qxa2 Rxa2 33. Bf1 Ra5 34. d7
Rfa8 35. Bb6 Rd5 36. Rc8+ 1-0

[Event "TCh-ITA 2012"]
[Site "Arvier ITA"]
[Date "2012.04.29"]
[Round "4"]
[White "Ranieri, Fabrizio"]
[Black "Testa, Adriano"]
[Result "1-0"]
[WhiteTitle "FM"]
[WhiteElo "2283"]
[BlackElo "2240"]
[WhiteTeam "SS Eporediese Ivrea"]
[BlackTeam "L'Arrocco A di Roma"]
[WhiteFideId "806927"]
[BlackFideId "823392"]
[EventDate "2012.04.27"]

1. e4 e5 2. Nf3 Nc6 3. d4 exd4 4. Nxd4 Nf6 5. Nxc6 bxc6 6. e5 Qe7 7. Qe2 Nd5 8.
c4 Nb6 9. b3 Qe6 10. Bb2 a5 11. Nd2 Ba6 12. Qe4 g6 13. Bd3 Bg7 14. O-O d5 15.
Qe2 O-O 16. Rfe1 Nd7 17. Rac1 Rfe8 18. Nf3 f6 19. cxd5 cxd5 20. Bxa6 Rxa6 21.
Nd4 Qb6 22. e6 Ne5 23. f4 c5 24. Rxc5 Qxc5 25. Qxa6 Qb4 26. Re2 Ng4 27. Qc6 Qb8
28. e7 f5 29. Qxd5+ Kh8 30. h3 Nf6 31. Qf7 Ng8 32. Nc6 Qb6+ 33. Kh1 Bxb2 34.
Qxe8 Qb5 35. Qxg8+ 1-0

[Event "TCh-ITA 2012"]
[Site "Arvier ITA"]
[Date "2012.04.29"]
[Round "4"]
[White "Stella, Luca"]
[Black "Mariano, Elia"]
[Result "1-0"]
[WhiteElo "2119"]
[BlackElo "2156"]
[WhiteTeam "L'Arrocco A di Roma"]
[BlackTeam "SS Eporediese Ivrea"]
[WhiteFideId "800031"]
[BlackFideId "806579"]
[EventDate "2012.04.27"]

1. e4 c6 2. c4 d5 3. exd5 cxd5 4. cxd5 Nf6 5. Nc3 g6 6. Nf3 Bg7 7. Bc4 O-O 8.
O-O Nbd7 9. d3 Nb6 10. Qb3 Ne8 11. Re1 Nd6 12. Bg5 Re8 13. h3 Bf5 14. Rac1 Rc8
15. Nd2 h6 16. Bf4 g5 17. Bh2 Bg6 18. Nce4 Nf5 19. Nf3 Nd4 20. Nxd4 Bxd4 21. d6
Nxc4 22. Rxc4 Rxc4 23. Qxc4 e5 24. d7 Re7 25. Qc8 Bb6 26. Nf6+ Kg7 27. Bxe5 Rxe5
28. Ne8+ Kf8 29. Rxe5 1-0

[Event "TCh-ITA 2012"]
[Site "Arvier ITA"]
[Date "2012.04.29"]
[Round "4"]
[White "Saccona, Silvano"]
[Black "Maggi, Fabrizio"]
[Result "1/2-1/2"]
[WhiteElo "2178"]
[BlackElo "2132"]
[WhiteTeam "SS Eporediese Ivrea"]
[BlackTeam "L'Arrocco A di Roma"]
[WhiteFideId "805653"]
[BlackFideId "826030"]
[EventDate "2012.04.27"]

1. d4 d5 2. Bf4 Nf6 3. c3 Bf5 4. e3 e6 5. Nf3 c6 6. Qb3 Qb6 7. Nbd2 Nbd7 8. Be2
Be7 9. h3 h6 10. O-O O-O 11. a4 c5 12. Qa2 a5 13. Bb5 Rfc8 14. Ne5 Nxe5 15. Bxe5
Ne4 16. Nxe4 Bxe4 17. dxc5 Bxc5 18. Bd4 Qd6 19. Rad1 Bxd4 20. exd4 Qf4 21. Rfe1
Qg5 22. Bf1 f5 23. Kh1 f4 24. f3 Bf5 25. Bd3 Rf8 26. Bxf5 Qxf5 27. Re5 Qg6 28.
Rde1 Rae8 29. Qb3 Kh8 30. Qb6 Qc2 31. R5e2 Qd3 32. Qxa5 Ra8 33. Qb4 Rf6 34. Qb5
Qf5 35. Qd7 Qg5 36. Rxe6 Rxe6 37. Qxe6 Ra6 38. Qg4 Qxg4 39. hxg4 Rxa4 40. Re8+
Kh7 41. Rb8 Ra7 42. g3 g5 43. gxf4 gxf4 44. Rd8 Ra1+ 45. Kg2 Re1 46. Rd7+ Kg6
47. Rxb7 Re2+ 48. Kf1 Rc2 49. Ke1 Kg5 50. Rf7 Rxb2 51. Rf5+ Kh4 52. Rxf4 Kg3 53.
Rf5 Rc2 54. g5 hxg5 55. Rxg5+ Kxf3 56. Rxd5 Rxc3 57. Kd2 Ke4 58. Kxc3 Kxd5 59.
Kd3 Kd6 60. Ke4 Ke6 61. Kf4 Kd5 62. Ke3 Kd6 63. Ke4 Ke6 64. d5+ Kd6 65. Kd4 Kd7
66. Kc3 Kd6 67. Kc4 Kd7 68. Kd3 Kd6 69. Kd4 Kd7 70. Kc5 Kc7 71. d6+ Kd7 72. Kd5
Kd8 73. Ke6 Ke8 74. Ke5 Kd7 75. Kd5 Kd8 76. Kc6 Kc8 1/2-1/2

[Event "TCh-ITA 2012"]
[Site "Arvier ITA"]
[Date "2012.04.30"]
[Round "5"]
[White "Caprio, Guido"]
[Black "Georgiev, Kiril"]
[Result "0-1"]
[WhiteTitle "FM"]
[BlackTitle "GM"]
[WhiteElo "2398"]
[BlackElo "2671"]
[WhiteTeam "Latina"]
[BlackTeam "Ob. Risarcimento Padova"]
[WhiteFideId "834580"]
[BlackFideId "2900017"]
[EventDate "2012.04.27"]

1. e4 c5 2. Nf3 d6 3. d4 cxd4 4. Nxd4 Nf6 5. Nc3 a6 6. Be2 g6 7. g4 h6 8. Be3
Nbd7 9. Qd2 b5 10. a4 bxa4 11. f3 Bg7 12. Nxa4 Bb7 13. c4 Rb8 14. O-O Ne5 15. b4
h5 16. h3 hxg4 17. hxg4 e6 18. Bg5 Bxe4 19. fxe4 Nxe4 20. Bxd8 Nxd2 21. Rfd1
Nexc4 0-1

[Event "TCh-ITA 2012"]
[Site "Arvier ITA"]
[Date "2012.04.30"]
[Round "5"]
[White "Godena, Michele"]
[Black "Malloni, Marcello"]
[Result "1/2-1/2"]
[WhiteTitle "GM"]
[BlackTitle "FM"]
[WhiteElo "2508"]
[BlackElo "2339"]
[WhiteTeam "Ob. Risarcimento Padova"]
[BlackTeam "Latina"]
[WhiteFideId "800090"]
[BlackFideId "802956"]
[EventDate "2012.04.27"]

1. e4 e5 2. Nf3 Nc6 3. d4 exd4 4. Nxd4 Nf6 5. Nc3 Bb4 6. Nxc6 bxc6 7. Bd3 d5 8.
exd5 cxd5 9. O-O O-O 10. Bg5 Be6 11. Ne2 h6 12. Bh4 Bd6 13. Nd4 Bd7 14. c3 c5
15. Nf5 Bxf5 16. Bxf5 Rb8 17. Rb1 Re8 18. Bc2 Re6 19. Bxf6 Rxf6 20. Qd3 g6 21.
Rfd1 c4 22. Qxd5 Qb6 23. Rf1 Rc8 24. b4 cxb3 25. Rxb3 Qc5 26. Qe4 1/2-1/2

[Event "TCh-ITA 2012"]
[Site "Arvier ITA"]
[Date "2012.04.30"]
[Round "5"]
[White "Parpinel, Marco"]
[Black "Collutiis, Duilio"]
[Result "0-1"]
[BlackTitle "IM"]
[WhiteElo "2157"]
[BlackElo "2493"]
[WhiteTeam "Latina"]
[BlackTeam "Ob. Risarcimento Padova"]
[WhiteFideId "818410"]
[BlackFideId "805475"]
[EventDate "2012.04.27"]

1. e4 c5 2. Nf3 Nc6 3. Bb5 e6 4. O-O Nge7 5. Re1 Ng6 6. c3 Be7 7. d4 cxd4 8.
cxd4 d5 9. Nc3 O-O 10. exd5 exd5 11. h3 Bf5 12. Be3 Rc8 13. Rc1 Na5 14. Ne5 a6
15. Bf1 Nc6 16. Qh5 Be6 17. Nxc6 Rxc6 18. Bd3 f5 19. Ne2 Rxc1 20. Bxc1 Bb4 21.
Bg5 Qd7 22. Rc1 Bd6 23. Bd2 f4 24. Nc3 Bf5 25. Bxf5 Rxf5 26. Qg4 Qf7 27. Re1 f3
28. gxf3 h5 29. Qg2 Nh4 0-1

[Event "TCh-ITA 2012"]
[Site "Arvier ITA"]
[Date "2012.04.30"]
[Round "5"]
[White "Antoniewski, Rafal"]
[Black "Brunello, Sabino"]
[Result "1/2-1/2"]
[WhiteTitle "GM"]
[BlackTitle "GM"]
[WhiteElo "2559"]
[BlackElo "2587"]
[WhiteTeam "Libertas Nereto"]
[BlackTeam "Scavolini Datagest Pesaro"]
[WhiteFideId "1111078"]
[BlackFideId "813613"]
[EventDate "2012.04.27"]

1. e4 c6 2. Nf3 d5 3. Nc3 Bg4 4. h3 Bxf3 5. Qxf3 e6 6. Be2 Nf6 7. O-O Nxe4 8.
Nxe4 dxe4 9. Qxe4 Nd7 10. d4 Nf6 11. Qd3 Bd6 12. Bf3 O-O 13. Rd1 h6 14. g3 Re8
15. Kg2 Qc7 16. c4 e5 17. dxe5 Bxe5 18. Rb1 Rad8 19. Qc2 Rxd1 20. Qxd1 c5 21.
Qb3 Bd4 22. Bf4 Qd7 23. Rd1 Ne4 24. Qc2 1/2-1/2

[Event "TCh-ITA 2012"]
[Site "Arvier ITA"]
[Date "2012.04.30"]
[Round "5"]
[White "Marin, Mihail"]
[Black "Shytaj, Luca"]
[Result "1-0"]
[WhiteTitle "GM"]
[BlackTitle "IM"]
[WhiteElo "2539"]
[BlackElo "2496"]
[WhiteTeam "Scavolini Datagest Pesaro"]
[BlackTeam "Libertas Nereto"]
[WhiteFideId "1200020"]
[BlackFideId "812633"]
[EventDate "2012.04.27"]

1. d4 d5 2. Nf3 Nf6 3. e3 e6 4. Bd3 c5 5. b3 Nc6 6. O-O Be7 7. Bb2 O-O 8. c4
cxd4 9. exd4 b6 10. Nbd2 Bb7 11. Rc1 Rc8 12. Qe2 Rc7 13. Rfd1 Qa8 14. Bb1 Rd8
15. Qe3 Rcd7 16. Nf1 a5 17. Ne5 Nxe5 18. dxe5 Bc5 19. Bd4 Ne4 20. Bxc5 Nxc5 21.
Rd4 dxc4 22. Rg4 Rd1 23. Bxh7+ Kf8 24. Rxd1 Rxd1 25. Bc2 Ra1 26. Rh4 cxb3 27.
Qd4 Rxf1+ 28. Kxf1 Bxg2+ 29. Kg1 Qd5 30. Rh8+ Ke7 31. Qh4+ f6 32. exf6+ Kd7 33.
Bxb3 Nxb3 34. fxg7 Qd1+ 35. Kxg2 Qd5+ 36. f3 Qd2+ 37. Kh3 1-0

[Event "TCh-ITA 2012"]
[Site "Arvier ITA"]
[Date "2012.04.30"]
[Round "5"]
[White "Bruno, Fabio"]
[Black "Rombaldoni, Axel"]
[Result "1-0"]
[WhiteTitle "IM"]
[BlackTitle "IM"]
[WhiteElo "2435"]
[BlackElo "2464"]
[WhiteTeam "Libertas Nereto"]
[BlackTeam "Scavolini Datagest Pesaro"]
[WhiteFideId "801038"]
[BlackFideId "815837"]
[EventDate "2012.04.27"]

1. Nf3 b6 2. g3 Bb7 3. Bg2 g6 4. O-O Bg7 5. d4 f5 6. c4 Nf6 7. Nc3 O-O 8. d5 Na6
9. Be3 e6 10. Qb3 Qe7 11. Rad1 e5 12. d6 cxd6 13. Ng5 Bxg2 14. c5+ d5 15. Kxg2
Nc7 16. cxb6 axb6 17. Bxb6 Rab8 18. a4 Kh8 19. e3 d4 20. exd4 exd4 21. Rxd4 Nfe8
22. Nf3 Bxd4 23. Bxd4+ Ng7 24. Nb5 Nxb5 25. axb5 Qf7 26. Qxf7 Rxf7 27. Re1 Kg8
28. Ng5 Ne6 29. Nxe6 dxe6 30. Rxe6 Rd7 31. Bc3 Rxb5 32. Re8+ Kf7 33. Rh8 Ke6 34.
h4 Rbb7 35. Re8+ Re7 36. Ra8 Kd7 37. Kf3 Re8 38. Ra5 h5 39. Ra4 Ke6 40. Ra6+ 1-0

[Event "TCh-ITA 2012"]
[Site "Arvier ITA"]
[Date "2012.04.30"]
[Round "5"]
[White "Vocaturo, Daniele"]
[Black "Piscopo, Pierluigi"]
[Result "1-0"]
[WhiteTitle "GM"]
[BlackTitle "IM"]
[WhiteElo "2536"]
[BlackElo "2383"]
[WhiteTeam "Scavolini Datagest Pesaro"]
[BlackTeam "Libertas Nereto"]
[WhiteFideId "813192"]
[BlackFideId "809152"]
[EventDate "2012.04.27"]

1. e4 c5 2. Nf3 d6 3. d4 Nf6 4. Nc3 cxd4 5. Nxd4 Nc6 6. Bc4 Qb6 7. Nb3 e6 8. Qe2
a6 9. f4 Qc7 10. Be3 b5 11. Bd3 Be7 12. g4 Bb7 13. g5 Nd7 14. O-O b4 15. Nb1 O-O
16. N1d2 Rfe8 17. Rf3 e5 18. f5 Nd4 19. Nxd4 exd4 20. Bf4 Qd8 21. Rg3 g6 22. Qf2
Bf8 23. Rf1 d5 24. e5 Rxe5 25. Bxe5 Nxe5 26. fxg6 hxg6 27. Nf3 Nxf3+ 28. Rxf3
Qxg5+ 29. Kh1 1-0

[Event "TCh-ITA 2012"]
[Site "Arvier ITA"]
[Date "2012.04.30"]
[Round "5"]
[White "Garcia Palermo, Carlos"]
[Black "Mazzilli, Piero"]
[Result "1-0"]
[WhiteTitle "GM"]
[BlackTitle "FM"]
[WhiteElo "2479"]
[BlackElo "2340"]
[WhiteTeam "Chieti"]
[BlackTeam "CPS Banca Nuova"]
[WhiteFideId "110124"]
[BlackFideId "807087"]
[EventDate "2012.04.27"]

1. d4 d6 2. g3 g6 3. Bg2 Bg7 4. e4 e5 5. Ne2 Nc6 6. d5 Nce7 7. Nbc3 f5 8. f4 Nf6
9. exf5 gxf5 10. Be3 Ng6 11. Qd2 Ng4 12. O-O-O Nxe3 13. Qxe3 O-O 14. fxe5 dxe5
15. h4 f4 16. Qd3 Bg4 17. Bf3 e4 18. Qxe4 Re8 19. Bxg4 Rxe4 20. Nxe4 Bh6 21. Kb1
Kh8 22. h5 Ne5 23. Be6 fxg3 24. N2xg3 Nc4 25. Nf5 Qf8 26. d6 Nxd6 27. Nexd6 cxd6
28. Nxd6 Bf4 29. Nf7+ Kg7 30. Rdf1 Qb4 31. Rh4 Qe4 32. Rhxf4 Qxe6 33. Rg1+ 1-0

[Event "TCh-ITA 2012"]
[Site "Arvier ITA"]
[Date "2012.04.30"]
[Round "5"]
[White "Ramondino, Renzo"]
[Black "Mogranzini, Roberto"]
[Result "0-1"]
[WhiteTitle "FM"]
[BlackTitle "IM"]
[WhiteElo "2251"]
[BlackElo "2461"]
[WhiteTeam "CPS Banca Nuova"]
[BlackTeam "Chieti"]
[WhiteFideId "810304"]
[BlackFideId "810894"]
[EventDate "2012.04.27"]

1. c4 Nf6 2. Nc3 g6 3. e4 d6 4. d4 Bg7 5. Nf3 O-O 6. Be2 c6 7. O-O e5 8. d5 Na6
9. Be3 Ng4 10. Bg5 f6 11. Bh4 c5 12. Ne1 Nh6 13. f3 Nf7 14. a3 Bd7 15. Rb1 Qe7
16. b4 b6 17. Rb2 Bh6 18. Bf2 Rfc8 19. Qb3 f5 20. Nd3 Rab8 21. b5 Nc7 22. a4 Ne8
23. Ra1 Nf6 24. Ne1 Ng5 25. h4 Nf7 26. exf5 gxf5 27. g3 Kh8 28. Ng2 Rg8 29. Kh2
Rg7 30. Rg1 Rbg8 31. Bd1 Nh5 32. Ne2 Bc8 33. Qc3 Nxg3 34. Bxg3 f4 35. Be1 Qd7
36. Ngxf4 exf4 37. Rg4 Ne5 38. Ng1 Qe7 39. Rbg2 Bxg4 40. fxg4 f3 41. Nxf3 Bf4+
42. Kh1 Nxf3 43. Bxf3 Be5 44. Qd2 Qf6 45. Be2 Rxg4 46. Bxg4 Rxg4 47. Qe2 Re4 48.
Qf2 Rf4 49. Qg1 Rxh4+ 50. Bxh4 Qxh4+ 51. Rh2 Qxh2+ 0-1

[Event "TCh-ITA 2012"]
[Site "Arvier ITA"]
[Date "2012.04.30"]
[Round "5"]
[White "Stella, Andrea"]
[Black "Genovese, Maurizio"]
[Result "1-0"]
[WhiteTitle "IM"]
[BlackTitle "FM"]
[WhiteElo "2439"]
[BlackElo "2257"]
[WhiteTeam "Chieti"]
[BlackTeam "CPS Banca Nuova"]
[WhiteFideId "827061"]
[BlackFideId "802930"]
[EventDate "2012.04.27"]

1. c4 e6 2. g3 d5 3. Bg2 Nf6 4. Nf3 c6 5. Qc2 Nbd7 6. d4 Bb4+ 7. Nbd2 Ne4 8. a3
Nxd2 9. Nxd2 Bxd2+ 10. Bxd2 O-O 11. e4 Nb6 12. c5 Nd7 13. Bf4 b6 14. Bd6 Re8 15.
O-O bxc5 16. dxc5 a5 17. Rfd1 Ba6 18. e5 f5 19. Rd4 Qg5 20. Qc3 Bb7 21. Ra4 Qd8
22. Bf1 Ra7 23. b4 Qa8 24. b5 cxb5 25. Bxb5 Bc6 26. Bxc6 Qxc6 27. Rxa5 Rxa5 28.
Qxa5 Ra8 29. Qd2 h6 30. Qb2 Ra4 31. Rc1 Kf7 32. Qb3 Kg8 33. Rc2 Kf7 34. Rc3 Kg8
35. Rc1 Kf7 36. Rb1 Rc4 37. Qb7 Qxb7 38. Rxb7 Ke8 39. Rc7 Kd8 40. h4 g5 41. h5
f4 42. gxf4 gxf4 43. f3 Ra4 44. Rb7 Rc4 45. Rb5 d4 46. Kf2 Rc3 47. a4 Rc1 48.
Ke2 1-0

[Event "TCh-ITA 2012"]
[Site "Arvier ITA"]
[Date "2012.04.30"]
[Round "5"]
[White "Testa, Adriano"]
[Black "Contin, Daniel"]
[Result "1-0"]
[BlackTitle "IM"]
[WhiteElo "2240"]
[BlackElo "2331"]
[WhiteTeam "L'Arrocco A di Roma"]
[BlackTeam "Centro Studi Test Palermo"]
[WhiteFideId "823392"]
[BlackFideId "803618"]
[EventDate "2012.04.27"]

1. d4 Nf6 2. Nf3 b6 3. Bf4 Bb7 4. e3 c5 5. Nc3 g6 6. d5 Bg7 7. e4 d6 8. Be2 O-O
9. O-O a6 10. a4 Nh5 11. Be3 Bc8 12. Nd2 Nf6 13. Nc4 Nfd7 14. f4 f5 15. Bf3 Bxc3
16. bxc3 fxe4 17. Bg4 b5 18. Be6+ Kg7 19. axb5 Bb7 20. Na5 Qc7 21. Qg4 Nf6 22.
Qg5 Bxd5 23. Bxd5 h6 24. Qxf6+ exf6 25. b6 Qxb6 26. Rfb1 Qd8 27. Bxa8 Nd7 28.
Bb7 f5 29. Nc4 Qf6 30. Rb3 Qe6 31. Bxa6 d5 32. Rb7 Rb8 33. Rab1 Rxb7 34. Rxb7
Qxa6 35. Rxd7+ Kh8 36. Nd2 Qe2 37. Nf1 Qc4 38. Rc7 Qxc3 39. Rxc5 Qb2 40. c3 Qa2
41. Rc7 Kg8 42. Bd4 Kf8 43. Rh7 g5 44. Rxh6 gxf4 45. Rf6+ Kg8 46. Rxf5 e3 47.
Bxe3 fxe3 48. Nxe3 Qa1+ 49. Kf2 Qb2+ 50. Kf3 Qxc3 51. Rxd5 Kf7 52. Rf5+ Kg6 53.
g4 Qc6+ 54. Nd5 Qb7 55. h4 Qb3+ 56. Ne3 Qb7+ 57. Kg3 Qc7+ 58. Kg2 Qc6+ 59. Rf3
Qe4 60. Kf2 Qd4 61. Rf5 Qb2+ 62. Kf3 Qb7+ 63. Rd5 Qf7+ 64. Kg2 Qf4 65. Rg5+ Kh7
66. Rh5+ Kg6 67. Rg5+ Kh7 68. Nf5 Kh8 69. Ng3 Qd2+ 70. Kh3 Qe3 71. Rg6 Kh7 72.
Rg5 Kh6 73. Rh5+ Kg6 74. Rf5 Kh7 75. h5 Qc3 76. Kh4 Qd3 77. Kh3 Qc3 78. g5 Qc8
79. Kg4 Qc4+ 80. Rf4 Qe6+ 81. Kh4 Qe1 82. Rg4 Qe7 83. Kh3 Qe6 84. g6+ Kg7 85.
Kh4 Qe7+ 86. Rg5 Qb4+ 87. Kh3 Qc3 88. Rf5 Qc8 89. Kh4 Kh6 90. Rg5 Qc4+ 91. Rg4
Qc2 92. Kh3 Kg7 93. h6+ Kh8 94. g7+ Kg8 95. Ne4 Qd3+ 96. Kh4 Qd8+ 97. Rg5 Kf7
98. g8=Q+ Qxg8 99. Rxg8 Kxg8 100. Kg5 Kh7 101. Kh5 Kg8 102. Kg6 Kh8 103. Ng5 1-0

[Event "TCh-ITA 2012"]
[Site "Arvier ITA"]
[Date "2012.04.30"]
[Round "5"]
[White "Bove, Alessandro"]
[Black "Lantini, Marco"]
[Result "1/2-1/2"]
[WhiteTitle "FM"]
[WhiteElo "2362"]
[BlackElo "2147"]
[WhiteTeam "Centro Studi Test Palermo"]
[BlackTeam "L'Arrocco A di Roma"]
[WhiteFideId "814121"]
[BlackFideId "801054"]
[EventDate "2012.04.27"]

1. d4 d5 2. c4 e6 3. Nc3 Nf6 4. Bg5 Be7 5. e3 O-O 6. Nf3 h6 7. Bxf6 Bxf6 8. Rc1
c6 9. h4 dxc4 10. Bxc4 b5 11. Bb3 Nd7 12. g4 c5 13. g5 cxd4 14. gxf6 dxc3 15.
fxg7 Re8 16. Rxc3 Qf6 17. Bc2 b4 18. Qd3 Qf5 19. Rc7 Nf6 20. Qxf5 exf5 21. Ba4
Rd8 22. Ne5 Be6 23. Nc6 Nd5 24. Rb7 Rdc8 25. Kd2 Kxg7 26. Nd4 Kf6 27. Bc6 Ne7
28. Bf3 Bxa2 29. Ra1 Bd5 30. Ra6+ Be6 31. Rxb4 Rab8 32. Rxb8 Rxb8 33. b3 Ng6 34.
h5 Ne5 35. Bd5 Rb6 36. Rxb6 axb6 37. Nxe6 fxe6 38. Bg2 Ng4 39. f3 Ne5 40. Kc3
Ke7 41. Kd4 Kd6 42. f4 Nd7 1/2-1/2

[Event "TCh-ITA 2012"]
[Site "Arvier ITA"]
[Date "2012.04.30"]
[Round "5"]
[White "Stella, Luca"]
[Black "Ganci, Fabrizio"]
[Result "1/2-1/2"]
[WhiteElo "2119"]
[BlackElo "2156"]
[WhiteTeam "L'Arrocco A di Roma"]
[BlackTeam "Centro Studi Test Palermo"]
[WhiteFideId "800031"]
[BlackFideId "810568"]
[EventDate "2012.04.27"]

1. e4 e6 2. d3 d5 3. Nd2 Nf6 4. Ngf3 b6 5. c3 Be7 6. Qa4+ Qd7 7. Qc2 c5 8. g3
Ba6 9. e5 Ng4 10. h3 Nh6 11. Bg2 Nc6 12. O-O O-O 13. Re1 Nf5 14. g4 Nh4 15. Nxh4
Bxh4 16. Nf3 Be7 17. Bf4 1/2-1/2

[Event "TCh-ITA 2012"]
[Site "Arvier ITA"]
[Date "2012.04.30"]
[Round "5"]
[White "David, Alberto"]
[Black "Salvador, Roland"]
[Result "1-0"]
[WhiteTitle "GM"]
[BlackTitle "GM"]
[WhiteElo "2604"]
[BlackElo "2502"]
[WhiteTeam "SS Milanese"]
[BlackTeam "CSKB Torveca Caffè Vigevano"]
[WhiteFideId "4000013"]
[BlackFideId "5201047"]
[EventDate "2012.04.27"]

1. d4 Nf6 2. c4 e6 3. Nc3 Bb4 4. e3 c5 5. Ne2 b6 6. Ng3 Bb7 7. f3 O-O 8. a3
Bxc3+ 9. bxc3 d5 10. cxd5 exd5 11. Bd3 Ba6 12. O-O Bxd3 13. Qxd3 Nc6 14. Ra2 Rc8
15. Re2 Re8 16. Bb2 Ne7 17. e4 Ng6 18. Qd2 h5 19. e5 h4 20. Nf5 Nh5 21. f4 cxd4
22. cxd4 Re6 23. Ref2 Nf8 24. Qd1 g6 25. Qg4 Rec6 26. Nxh4 Nh7 27. Nf5 Rc2 28.
Ne3 R2c6 29. f5 Qg5 30. Qxg5 Nxg5 31. Nxd5 Ne4 32. Re2 1-0

[Event "TCh-ITA 2012"]
[Site "Arvier ITA"]
[Date "2012.04.30"]
[Round "5"]
[White "Di Paolo, Raffaele"]
[Black "Arlandi, Ennio"]
[Result "0-1"]
[WhiteTitle "FM"]
[BlackTitle "IM"]
[WhiteElo "2309"]
[BlackElo "2436"]
[WhiteTeam "CSKB Torveca Caffè Vigevano"]
[BlackTeam "SS Milanese"]
[WhiteFideId "803014"]
[BlackFideId "800104"]
[EventDate "2012.04.27"]

1. e4 c5 2. Nf3 e6 3. Qe2 Nc6 4. g3 g6 5. Bg2 Bg7 6. O-O Nge7 7. c3 O-O 8. d4
cxd4 9. cxd4 Nxd4 10. Nxd4 Bxd4 11. Nc3 Bg7 12. Rd1 Nc6 13. Be3 Qe7 14. Nb5 Qb4
15. Rac1 b6 16. Nc7 Rb8 17. b3 Qe7 18. Qd2 Bb7 19. Nb5 Rfd8 20. Nd6 Ba8 21. f4
e5 22. fxe5 Bxe5 23. Bg5 f6 24. Be3 Nd4 25. Qxd4 Bxd4 26. Rxd4 f5 27. Bf1 Bxe4
28. Bc4+ Kg7 29. Nxe4 fxe4 30. Rd5 h6 31. Bd4+ Kh7 32. Re5 Qa3 33. Re1 Re8 34.
R5xe4 Rxe4 35. Rxe4 Rf8 36. Kg2 d5 37. Bxd5 Qd6 38. Kg1 Qxd5 0-1

[Event "TCh-ITA 2012"]
[Site "Arvier ITA"]
[Date "2012.04.30"]
[Round "5"]
[White "Sbarra, Marco"]
[Black "Napoli, Nicolo'"]
[Result "0-1"]
[WhiteTitle "FM"]
[BlackTitle "FM"]
[WhiteElo "2305"]
[BlackElo "2327"]
[WhiteTeam "SS Milanese"]
[BlackTeam "CSKB Torveca Caffè Vigevano"]
[WhiteFideId "804401"]
[BlackFideId "813702"]
[EventDate "2012.04.27"]

1. c4 e6 2. Nc3 b6 3. d4 Bb4 4. e4 Bb7 5. Qc2 Qh4 6. d5 f5 7. exf5 exd5 8. cxd5
Ne7 9. Nf3 Qf6 10. Bg5 Bxc3+ 11. bxc3 Qd6 12. c4 Na6 13. Be2 h6 14. Bxe7 Qxe7
15. O-O O-O-O 16. a4 Nb4 17. Qd2 a5 18. Nd4 Rhf8 19. Bf3 Rf6 20. Rfe1 Qf8 21.
Be4 Na6 22. Nb3 Nc5 23. Nxc5 Qxc5 24. Rac1 Rdf8 25. Qe3 Qb4 26. c5 Kb8 27. cxb6
Rxb6 28. Rb1 Qd6 29. Rxb6 cxb6 30. Rb1 Rc8 31. h4 Rc5 32. g4 Ka7 33. Rd1 Qe5 34.
g5 hxg5 35. hxg5 Rc4 36. Re1 Rxa4 37. f4 Qd6 38. Rd1 Ra3 39. Rd3 Rxd3 40. Qxd3
Qxf4 41. g6 Qg4+ 42. Kf2 Qh4+ 43. Kg2 Ba6 44. Qd4 Qe1 45. Qe5 Qe2+ 46. Kg1 Qe3+
47. Kg2 Bb7 48. f6 d6 49. Qe7 Qg5+ 50. Kh2 a4 51. Qxd6 Qh4+ 52. Kg1 Qxe4 53. f7
Bxd5 54. Kf2 Qg2+ 55. Ke1 Qg1+ 56. Ke2 Bc4+ 57. Kd2 Qg5+ 58. Kc3 Qc1+ 59. Kb4
Ba6 60. Kxa4 Qc4+ 61. Ka3 Qc3+ 0-1

[Event "TCh-ITA 2012"]
[Site "Arvier ITA"]
[Date "2012.04.30"]
[Round "5"]
[White "Manca, Federico"]
[Black "Ronchetti, Niccolo'"]
[Result "0-1"]
[WhiteTitle "IM"]
[BlackTitle "IM"]
[WhiteElo "2424"]
[BlackElo "2446"]
[WhiteTeam "Pizzato Elettr. Scacchi Marostica"]
[BlackTeam "Acc. Scacch. Italiana Bologna"]
[WhiteFideId "800171"]
[BlackFideId "813125"]
[EventDate "2012.04.27"]

1. e4 c5 2. Nf3 g6 3. c3 d5 4. exd5 Qxd5 5. Na3 Bg7 6. Bc4 Qe4+ 7. Be2 Nf6 8.
O-O Nc6 9. d4 cxd4 10. Nb5 O-O 11. Nfxd4 Nxd4 12. Nxd4 e5 13. Nb5 Be6 14. Bf3
Qc4 15. Nd6 Qc7 16. Ne4 Nxe4 17. Bxe4 Rfd8 18. Qf3 f5 19. Bc2 e4 20. Qe3 Be5 21.
h3 Bc4 22. Re1 Bd3 23. Bb3+ Kh8 24. Qg5 Rf8 25. Be3 Rad8 26. Rac1 Bf6 27. Qh6 b6
28. Bd4 Qg7 29. Qf4 g5 30. Bxf6 gxf4 31. Bxg7+ Kxg7 32. Rcd1 Kf6 33. Rd2 Ke5 34.
Red1 Rf6 35. Bc4 Rfd6 36. Bxd3 Rxd3 37. Rxd3 Rxd3 38. Rxd3 exd3 39. Kf1 f3 40.
gxf3 Kf4 41. Ke1 Kxf3 42. a4 f4 43. b4 d2+ 44. Kxd2 Kxf2 45. c4 f3 46. c5 Kg1
47. c6 f2 48. c7 f1=Q 49. c8=Q Qf4+ 50. Ke2 Qe4+ 51. Kd1 Qxb4 52. Qg8+ Kh2 53.
Qb8+ Kxh3 54. Qxa7 Qd4+ 55. Ke2 h5 56. Kf1 Kg3 57. Ke2 Qf2+ 58. Kd3 h4 59. Qb8+
Kg2 60. Kc4 Qc5+ 61. Kb3 Qe3+ 62. Kb4 h3 63. Qb7+ Kg3 64. Qg7+ Kf3 65. Kb5 h2
66. Qf7+ Kg4 67. Qd7+ Kf4 68. Qf7+ Kg3 69. Qg6+ Kf2 70. Qf6+ Qf3 71. Qh4+ Kg2
72. Qg5+ Kf1 73. Qc1+ Kf2 0-1